00821nam a2200253 k 4500001001300000005001500013008004100028020003300069020002600102040001900128049001700147056001600164090002300180100001400203245010500217260004700322300001600369504002400385653004100409700001400450740007100464940002100535950001100556KMO20260060220260331090754260328s2025 ggk 000 kor a9791173574597g04300c\198001 a9788950994709(세트) a146043c1460430 lMEM000012179 a331.541226 a331.5412b모75ㅈ1 a모종린10a제3의 응전b기계·인터넷·AI, 기술 혁명에 응답한 인간의 전략d모종린 지음 a파주b21세기북스b북이십일c2025 a338p.c19cm a참고문헌 수록 a기계a인터넷aAIa기술 혁명1 a모종린02a기계·인터넷·AI, 기술 혁명에 응답한 인간의 전략0 a제삼의 응전0 b\19800 |
|---|